000 00707nam a2200241 i 4500
001 bg
245 0 0 _aPodstawy geografii ekonomicznej /
_cJerzy Wrona [et al.] ; pod red. Jerzego Wrony i Jadwigi Rek ; Akademia Ekonomiczna w Krakowie.
250 _aWyd. 3 zm.
260 _aKraków :
_bAE,
_c1993.
300 _a277 s. :
_bmapy, rys., wykr. ;
_c24 cm.
504 _aBibliogr. s. 276-277.
650 4 _aGeografia gospodarcza
650 4 _aPodręczniki akademickie
700 1 _aWrona, Jerzy.
_eRed.
700 1 _aRek, Jadwiga.
_eRed.
040 _cBPK
041 _apol
080 _a913(100)
080 _a33(100)
080 _a(075.8)
942 _cKS
008 s pl f |000 0 pol
999 _c6050
_d6050
856 _uhttp://koha.tu.koszalin.pl/cgi-bin/koha/opac-detail.pl?biblionumber=6050
_yKatalog online BPK